Responsabilidades del contador público frente a la deuda de la empresa MEDICRED / (Registro nro. 5898)
[ vista simple ]
| 000 -LEADER | |
|---|---|
| fixed length control field | 02698nam a2200289 i 4500 |
| 005 - DATE AND TIME OF LATEST TRANSACTION | |
| control field | 20250329165508.0 |
| 007 - PHYSICAL DESCRIPTION FIXED FIELD--GENERAL INFORMATION | |
| fixed length control field | ta |
| 008 - FIXED-LENGTH DATA ELEMENTS--GENERAL INFORMATION | |
| fixed length control field | 200622s2022 000 0 eng d |
| 040 ## - CATALOGING SOURCE | |
| Original cataloging agency | CO-CtgCURN |
| Language of cataloging | spa |
| Transcribing agency | coctgcurn |
| Description conventions | rda |
| 082 0# - DEWEY DECIMAL CLASSIFICATION NUMBER | |
| Classification number | TCS 2022 |
| Item number | M842 |
| 100 1# - MAIN ENTRY--PERSONAL NAME | |
| Personal name | Morelos León, Melany Camila, |
| Relator term | author. |
| Relationship | aut |
| 245 10 - TITLE STATEMENT | |
| Title | Responsabilidades del contador público frente a la deuda de la empresa MEDICRED / |
| Statement of responsibility, etc. | Melany Camila Morelos León; Keyli Cuello Niño; asesor José Castro. |
| 260 ## - PUBLICATION, DISTRIBUTION, ETC. | |
| Place of publication, distribution, etc. | Cartagena de Indias : |
| Name of publisher, distributor, etc. | Corporación Universitaria Rafael Núñez, |
| Date of publication, distribution, etc. | 2022. |
| 260 #4 - PUBLICATION, DISTRIBUTION, ETC. | |
| Date of publication, distribution, etc. | ©2022. |
| 300 ## - PHYSICAL DESCRIPTION | |
| Extent | 28 hojas. |
| 336 ## - CONTENT TYPE | |
| Content type term | text |
| Content type code | txt |
| Source | rdacontent |
| 337 ## - MEDIA TYPE | |
| Media type term | unmediated |
| Media type code | n |
| Source | rdamedia |
| 338 ## - CARRIER TYPE | |
| Carrier type term | volume |
| Carrier type code | nc |
| Source | rdacarrier |
| 502 ## - DISSERTATION NOTE | |
| Dissertation note | Trabajo de grado (Tecnologo en contabilidad sistematizada). Corporación Universitaria Rafael Núñez. Facultad de Ciencias Administrativas y Contables. Programa de Tecnología en Contabilidad Sistematizada, 2022. |
| 520 8# - SUMMARY, ETC. | |
| Summary, etc. | "La contabilidad es una actividad tan antigua como la propia humanidad. En efecto, desde que el hombre es hombre, y aun mucho antes de conocer la escritura, ha necesitado llevar cuentas, guardar memoria y dejar constancia de datos relativos a su vida económica y a su patrimonio: bienes que recolectaba, cazaba, elaboraba, consumía y poseía; bienes que almacenaba; bienes que prestaba o enajena; bienes que daba en administración; etc. Seguimiento de responsabilidades empresariales: Como contador tienes que recordar a los directivos de la compañía las fechas para pagar sus impuestos y sus plazos vencidos, así como informar sobre los pagos del seguro social y pensiones. Simplificar la información y aconsejar a la empresa acciones clave de mejora: Como contador debes guiar y asesorar al personal directivo para que tomen las mejores decisiones dentro de la empresa; por tu experiencia con el mercado y tu educación en gestión de dinero debes aportar información valiosa. Los ahorros son muy importantes para superar las crisis. Señala Diego Garzón, socio de Azurian Transforma, que generalmente las empresas que sobreviven son aquellas que han sido juiciosas, organizadas y lograron ahorrar, por eso la salud financiera depende de esto en gran medida y ello." |
| 650 #0 - SUBJECT ADDED ENTRY--TOPICAL TERM | |
| Topical term or geographic name entry element | Contabilidad sistematizada |
| General subdivision | Tesis y disertaciones académicas. |
| 700 1# - ADDED ENTRY--PERSONAL NAME | |
| Personal name | Cuello Niño, Keyli. |
| 700 1# - ADDED ENTRY--PERSONAL NAME | |
| Personal name | Castro, José, |
| Relator term | tutor. |
| 856 7# - ELECTRONIC LOCATION AND ACCESS | |
| Uniform Resource Identifier | <a href="https://unicurn.sharepoint.com/:b:/s/biblioteca/EZ0pF3I4JDFJtkFi84LyX9cBfp9f3PWZ-5uaYhh0WJ-qiQ?e=rYbA77">https://unicurn.sharepoint.com/:b:/s/biblioteca/EZ0pF3I4JDFJtkFi84LyX9cBfp9f3PWZ-5uaYhh0WJ-qiQ?e=rYbA77</a> |
| Public note | Click aqui para ver el recurso en texto completo |
| 942 ## - ADDED ENTRY ELEMENTS (KOHA) | |
| Koha item type | Trabajos de grado |
| Classification part | TCS 2022 |
| Item part | M842 |
| Institution code [OBSOLETE] | MHC |
| -- | MHC |
| Source of classification or shelving scheme | Dewey Decimal Classification |
| Withdrawn status | Lost status | Source of classification or shelving scheme | Damaged status | Not for loan | Collection | Home library | Current library | Shelving location | Date acquired | Total checkouts | Full call number | Barcode | Date last seen | Price effective from | Koha item type |
|---|---|---|---|---|---|---|---|---|---|---|---|---|---|---|---|
| Dewey Decimal Classification | Trabajos de grado | Miguel Henríquez Castañeda | Miguel Henríquez Castañeda | Trabajo de grado | 03/29/2025 | TCS 2022 M842 | 024702 | 03/29/2025 | 03/29/2025 | Trabajos de grado |